Shanghai '37 /

Bibliographic Details
Main Author: Baum, Vicki, 1888-1960
Format: Book
Language:English
Published: Hong Kong ; New York : Oxford University Press, 1986.

MARC

Tag First Indicator Second Indicator Subfields
LEADER 00000cam a2200000 a 4500
001 in00000019638
005 20151007053700.0
008 870826s1986 enk b 00011 eng d
010 |a gb 87043478  
015 |a GB87-43478 
020 |a 0195838769 (pbk) :  |c £4.95 
035 |a (OCoLC)15691211 
035 |9 AAB2457AM 
040 |a UKM  |c UKM  |d OCL  |d TXA  |d UtOrBLW 
041 1 |a eng  |h ger 
049 |a TXAM  |c [A12591381] 
050 4 |a PT2603.A815  |b H613 1986 
082 0 |a 833/.912  |2 19 
100 1 |a Baum, Vicki,  |d 1888-1960. 
240 1 0 |a Hotel Shanghai.  |l English 
245 1 0 |a Shanghai '37 /  |c Vicki Baum ; with an introduction by H.J. Lethbridge. 
264 1 |a Hong Kong ;  |a New York :  |b Oxford University Press,  |c 1986. 
300 |a xiii, viii, 619 pages ;  |c 21 cm. 
336 |a text  |b txt  |2 rdacontent 
337 |a unmediated  |b n  |2 rdamedia 
338 |a volume  |b nc  |2 rdacarrier 
500 |a "Oxford paperbacks." 
504 |a Bibliography: pages [xii]-xiii. 
999 |a MARS 
999 f f |s 941048ce-a010-3d7c-8fa1-f0f16e84156e  |i 9eeed4c9-d68e-3a9a-a156-5b7a2bbe68cd  |t 0 
952 f f |p normal  |a Texas A&M University  |b College Station  |c Sterling C. Evans Library  |d Evans: Library Stacks  |t 0  |e PT2603.A815 H613 1986  |h Library of Congress classification  |i unmediated -- volume  |m A14812591381 
998 f f |a PT2603.A815 H613 1986  |t 0  |l Evans: Library Stacks